|
|
|
|
| LEADER |
01318cam a2200313 a 4500 |
| 001 |
0000088019 |
| 005 |
20110721090000.0 |
| 040 |
|
|
|a mod
|
| 041 |
|
|
|a eng
|
| 020 |
0 |
0 |
|a 027599189X
|
| 090 |
0 |
0 |
|a 363.32516
|b FIG
|e 2006
|
| 245 |
1 |
4 |
|a The fight for legitimacy
|b democracy vs terorism
|c Cindy R. Jebb...[et.al]
|
| 260 |
0 |
0 |
|a Wesport
|b Praeger Security International
|c 2006
|
| 300 |
0 |
0 |
|a 182 p.
|c 23 cm
|
| 500 |
0 |
0 |
|a Includes bibliographical references and index
|
| 650 |
0 |
0 |
|a Legitimacy of governments
|
| 650 |
0 |
0 |
|a Democratization
|
| 650 |
0 |
0 |
|a Terrorism
|x Prevention
|
| 650 |
0 |
0 |
|a Political stability
|
| 700 |
1 |
1 |
|a Jebb
|h Cindy R
|
| 852 |
0 |
0 |
|a 01
|
| 999 |
|
|
|a 0248334
|b 2 BGD
|d BOOKS
|e Umum
|f 2 BGD
|j AVAILABLE
|q GOOD CONDITION
|
| 999 |
|
|
|a 0263523
|b Batalion Keempat Rejimen Sempadan
|d BOOKS
|e Umum
|f Other Branches
|j AVAILABLE
|q GOOD CONDITION
|
| 999 |
|
|
|a 0271401
|b POP TD
|d BOOKS
|e Umum
|f POP TD
|j AVAILABLE
|q GOOD CONDITION
|
| 999 |
|
|
|a 0272675
|b KEMENTAH
|d BOOKS
|e Umum
|f Perpustakaan KEMENTAH
|j AVAILABLE
|q GOOD CONDITION
|
| 999 |
|
|
|a 0272797
|b 2 BGD
|d BOOKS
|e Umum
|f 2 BGD
|j AVAILABLE
|q GOOD CONDITION
|
| 999 |
|
|
|a 0273691
|b 3 DIV
|d BOOKS
|e Umum
|f 3 DIV
|j AVAILABLE
|q GOOD CONDITION
|
| 999 |
|
|
|a 0281682
|b TUDM KUANTAN
|d BOOKS
|e Umum
|f TUDM Kuantan
|j AVAILABLE
|q GOOD CONDITION
|
| 999 |
|
|
|a 0287765
|b 4 BGD
|d BOOKS
|e Umum
|f 4 BGD
|j AVAILABLE
|q GOOD CONDITION
|